[Event "10th LCC FIDE Open 2018"]
[Site "London"]
[Date "2018.12.14"]
[Round "6"]
[White "Wilks, Simon"]
[Black "Stephan, Axel"]
[Result "1-0"]
[WhiteElo "2019"]
[BlackElo "2204"]
[Annotator "TA"]
[PlyCount "105"]
[EventDate "2018.12.09"]
[EventType "swiss"]
[EventCountry "ENG"]
[SourceTitle "playchess.com"]
[Source "ChessBase"]
[SourceQuality "1"]

{[%evp 11,105,12,31,16,31,23,28,2,0,0,20,14,27,0,25,-26,-18,-8,-16,-29,-33,-34,-16,-17,0,0,-14,-56,0,0,0,-25,-20,-91,-101,-110,-126,-160,-108,-119,-123,-183,-170,-293,-275,-290,-221,-382,-395,-391,-430,-427,-418,-402,-377,-362,-370,-374,-375,-369,72,74,86,0,0,0,0,0,168,166,152,157,230,194,243,232,320,302,350,367,500,487,1124,363,2216,1957,5306,5289,29993,29994,29996,29997,29997,29998,29998,29999]} 1. e4 c5 2. Nf3 e6 3. b3 d6 4. Bb2 Nf6 5. e5 dxe5 6. Nxe5 a6 {LiveBook: 13 Games. B50: Sicilian: 2...d6, Miscellaneous} 7. f4 (7. g3 Qd5 8. Qf3 Nbd7 9. Bg2 Nxe5 10. Qxd5 Nxd5 11. Bxe5 f6 {1-0 (42) Vitiugov,N (2726)-Pantsulaia,L (2607) Doha 2016}) 7... Nbd7 8. a4 Nd5 $146 {White has an edge.} ({Predecessor:} 8... Nxe5 9. fxe5 Nd5 10. Qg4 Ne7 11. Bd3 Nf5 12. Nc3 Bd7 13. O-O h5 14. Qf3 {0-1 (29) Maiorov,B (2290)-Bryzgalin,K (2435) Krasnodar 2004}) 9. Qf3 Nxe5 10. fxe5 Nb4 11. Na3 Bd7 12. Be2 {Black must now prevent 0-0.} Bc6 13. Qf2 ({White should play} 13. Qg3 $1) 13... Be7 $11 14. O-O O-O 15. Bf3 Bxf3 16. Qxf3 Rb8 ({Don't play} 16... Qxd2 17. Rad1 $14) 17. d3 b5 18. axb5 axb5 19. Rae1 Qd5 (19... Qd7 $15) 20. Qe2 Qd7 21. Rf3 Nc6 22. Rh3 (22. c4 $1 $11) 22... Nd4 $17 23. Qh5 {[%csl Gh3][%cal Rh5h7]} h6 24. Bc1 Nf5 ({Better is} 24... Ra8 25. Rd1 Nf5) 25. Re4 Kh7 26. Nb1 (26. c4 $17 {was worth a try.}) 26... Ra8 27. Bd2 (27. Qd1 $142) 27... Ra1 $19 28. Qd1 Qa7 29. Rf3 $2 (29. Bc3 Ra2 30. Be1) 29... c4+ 30. Kh1 cxb3 31. cxb3 Qa2 32. Rf1 {[#] Bc3 would now be nice for White.} Rxb1 $1 {[%mdl 576] Remove Defender, Deflection} 33. Qxb1 Qxd2 34. Rd1 Qg5 35. d4 Qh5 $2 ({Black should try} 35... Kg8 $19 36. Qd3 Rc8) 36. g4 $1 $16 {[%cal Rg4h5]} Qh3 {[#] aiming for ...Ng3+.} 37. gxf5 (37. Rd3 $1 $16 {[%cal Rd3h3]} Qh4 38. Rf3 Nxd4 39. Rxd4+ Kg8 40. Qe4) 37... Qf3+ $11 38. Kg1 exf5 39. Ree1 $36 {[%mdl 2048] White is more active.} Bg5 $2 (39... Qg4+ $11 40. Kh1 Qf3+ 41. Kg1 Qg4+ 42. Kh1 Qf3+ 43. Kg1) 40. Qd3 $18 Qg4+ 41. Kh1 Rd8 (41... g6 $16 42. d5 f4) 42. d5 g6 43. e6 {Threatens to win with e7.} fxe6 44. Rxe6 Rg8 45. Rg1 Qh4 46. d6 Ra8 (46... Rg7 $142 47. Re8 (47. Qxb5 Qd4 $18) 47... Bd8) 47. Rge1 $2 (47. d7 Qb4 {[#]} 48. Rxg5 $1 {[%mdl 576] Promotion} hxg5 49. d8=Q Rxd8 50. Qxd8) 47... Qb4 $2 (47... h5 48. R6e2 (48. Qxb5 Ra2 $16) 48... Ra2) 48. Qd5 {Threatening mate with Qb7+.} Ra7 49. d7 {Re7+! would kill now.} Bd8 {[#]} 50. Re7+ $1 {[%mdl 576] Decoy, Back Rank, Promotion. White mates.} Bxe7 (50... Qxe7 51. Rxe7+) 51. Qf7+ {[%mdl 64] Double Attack} Kh8 {[#]} 52. d8=Q+ $1 {[%mdl 576] Decoy, Back Rank} Bxd8 53. Re8+ {[%mdl 64] Double Attack. Accuracy: White = 43%, Black = 37%.} 1-0

[Event "10th LCC FIDE Open 2018"]
[Site "London"]
[Date "2018.12.14"]
[Round "6"]
[White "Yoon, Jacob D"]
[Black "Richardson, John R"]
[Result "0-1"]
[WhiteElo "2009"]
[BlackElo "2242"]
[Annotator "TA"]
[PlyCount "154"]
[EventDate "2018.12.09"]
[EventType "swiss"]
[EventCountry "ENG"]
[SourceTitle "playchess.com"]
[Source "ChessBase"]
[SourceQuality "1"]

{[%evp 40,154,-32,-26,0,0,0,-35,-40,-48,-49,-34,-32,-115,-114,-245,-238,-235,-233,-219,-242,-245,-216,-246,-241,-223,-223,-233,-237,-239,-233,-228,-239,-240,-233,-221,-217,-221,-217,-301,-302,-373,-381,-354,-269,-292,-292,-288,-189,-209,-139,-137,-137,-343,-337,-332,-315,-400,-393,-685,-668,-592,-520,-521,-525,-513,-505,-482,-460,-562,-463,-425,-391,-367,-361,-359,-359,-359,-359,-340,-328,-328,-327,-321,-320,-574,-562,-698,-698,-691,-680,-1815,-1708,-2194,-1599,-29973,-29974,-29978,-29977,-29984,-29985,-29985,-29984,-29984,-29985,-29985,-29985,-29985,-29986,-29988,-29989,-29989,-29989,-29989,-29990,-29994,-29993]} 1. e4 c6 2. Nc3 d5 3. d4 dxe4 4. Nxe4 Bf5 5. Ng3 Bg6 6. Nf3 Nd7 7. h4 h6 8. h5 Bh7 9. Bd3 Bxd3 10. Qxd3 e6 11. Bd2 Ngf6 12. O-O-O Be7 13. Ne4 Nxe4 14. Qxe4 Nf6 15. Qe2 Qd5 16. c4 Qe4 17. Qxe4 {B19: Classical Caro-Kann: 4...Bf5 main line} Nxe4 18. Be3 f5 19. g3 Bg5 20. Bxg5 hxg5 21. Rh2 $1 {LiveBook: 3 Games} O-O-O 22. Ne5 {[#]} Rhf8 $146 ({Predecessor:} 22... Rh7 23. f3 Nxg3 24. Nf7 Rd7 25. Nxg5 {½-½ (53) Grimberg,B (2355)-Jovanic,O (2523) Bol 2010}) 23. Rg2 g4 24. f3 gxf3 25. Nxf3 Rh8 26. g4 (26. Rh1 $15) 26... fxg4 $17 {[%mdl 64] [#] Overworked Piece} 27. Rxg4 (27. Ne5 $17 Rxh5 28. Nxg4) 27... Nf2 $19 {[%mdl 64] Double Attack} 28. Rxg7 Nxd1 29. Kxd1 Rxh5 {[%mdl 4096] Endgame KRR-KRN} 30. Ke2 Rf8 31. Rg2 c5 32. dxc5 Rxc5 33. b3 b5 34. Nd2 b4 35. Ne4 Re5 36. Ke3 Rd8 37. Kf4 Rf5+ 38. Ke3 Ra5 39. c5 Kc7 40. Ng5 Kc6 41. Ne4 Ra6 42. Kf4 Rd5 43. Rh2 Rf5+ 44. Ke3 Kd5 45. Rd2+ Ke5 46. Rc2 $2 {[#]} (46. Nf2 $17 {keeps fighting.} Kf6 47. Nd3) 46... Rh5 $1 {[%cal Rh5h3]} 47. Nf2 {Threatens to win with c6.} Kd5 48. Kf4 Rc6 49. Nd3 $2 (49. Rd2+ Kxc5 50. Ne4+ Kb6 51. Kg4) 49... Kd4 50. Nxb4 {[%csl Gb3][%cal Rc2c4]} Rcxc5 51. Nc6+ Kd5 52. Nb4+ Kd6 53. Rd2+ Ke7 54. Nc2 Rcf5+ 55. Ke3 Rh3+ 56. Ke4 Rg5 {( -> ...Rg4+)} 57. Ne3 Rgg3 58. Re2 Rh4+ 59. Kd3 Kd6 60. Kc2 Rgh3 61. Nc4+ Ke7 62. Nd2 $2 (62. Re5) 62... Rh2 63. Re1 Rd4 64. Rd1 e5 {[%cal Be6e5,Be5e4,Be4e3][%mdl 32]} 65. Kc3 Ke6 66. Kc2 Kd5 67. a3 e4 {Black mates.} 68. Kc3 a5 {[%cal Ba7a5,Ba5a4][%mdl 32]} 69. b4 Rd3+ 70. Kc2 a4 71. Kc1 e3 72. Nf3 Rxd1+ 73. Kxd1 Rf2 74. Ne1 Kc4 75. Nc2 Kd3 76. Ne1+ Kc3 77. Kc1 Ra2 {Accuracy: White = 36%, Black = 79%.} 0-1

[Event "10th LCC FIDE Open 2018"]
[Site "London"]
[Date "2018.12.14"]
[Round "6"]
[White "Mueller, Jens"]
[Black "Sumit, Kumar"]
[Result "0-1"]
[WhiteElo "1981"]
[BlackElo "2179"]
[Annotator "TA"]
[PlyCount "118"]
[EventDate "2018.12.09"]
[EventType "swiss"]
[EventCountry "ENG"]
[SourceTitle "playchess.com"]
[Source "ChessBase"]
[SourceQuality "1"]

{[%evp 13,118,8,10,14,37,0,10,6,13,8,14,12,9,7,31,12,69,14,11,9,37,34,35,33,30,30,37,38,38,31,39,-29,-17,-25,2,0,0,0,0,-20,-16,-8,-6,-81,-81,-68,-75,-83,-48,-57,-65,-65,-68,-76,-57,-57,-55,-56,-56,-58,-59,-62,-59,-66,-20,-19,-8,-7,-8,-91,0,0,0,-91,-16,-27,-28,-61,-67,-118,-109,-119,-119,-163,18,-146,-118,-109,-110,-197,-189,-196,-186,-225,-224,-172,-122,-235,-246,-252,-225,-311,-256,-29983,-29984,-29997,-29998]} 1. d4 d5 2. Bf4 Nf6 3. e3 Bf5 4. a3 (4. Nf3 e6 5. Nbd2 Bd6 6. Bg3 Ne4 7. Nxe4 Bxe4 8. Nd2 Bg6 9. c4 dxc4 10. Bxc4 O-O 11. Qb3 b6 12. Bd3 Nd7 13. Bxg6 hxg6 14. Rc1 {1-0 (30) Aronian,L (2767)-Giri,A (2782) chess.com INT 2018}) 4... e6 5. c4 c6 6. Nc3 {D00: 1 d4 d5: Unusual lines} Be7 7. Nf3 Nbd7 {LiveBook: 6 Games} 8. Bd3 {The position is equal.} Bg6 (8... dxc4 {seems wilder.} 9. Bxc4 Nd5 10. Bg3 O-O 11. Bd3 N7f6) 9. Ne5 $146 ({Predecessor:} 9. Qe2 O-O 10. Ne5 Nxe5 11. Bxe5 Nd7 12. Bxg6 hxg6 13. Bg3 Nb6 14. cxd5 cxd5 {0-1 (37) Lola,D (1093)-Pavloudaki,K (1140) Porto Rio 2016}) 9... Nxe5 10. Bxe5 O-O 11. O-O Nd7 12. Bg3 Bxd3 13. Qxd3 f5 14. f3 Bf6 ({Black should try} 14... Rc8 $11) 15. Rad1 (15. cxd5 $14 cxd5 16. Rac1) 15... Qe7 $11 16. e4 dxc4 17. Qxc4 Nb6 {[%cal Bd7b6,Bb6c8,Bc8e7,Be7c6][%mdl 32]} 18. Qb3 Rad8 19. Bf2 {Black must now prevent exf5.} Qf7 20. a4 {[%cal Ba3a4,Ba4a5][%mdl 32]} Rd7 21. a5 Nc8 22. d5 (22. Na4 $14) 22... exd5 23. exd5 Bxc3 24. bxc3 cxd5 25. Rfe1 a6 26. Re5 Ne7 27. Bc5 Nc6 28. Re2 (28. Rexd5 $11 Ne7 29. Bxe7 Rxe7 30. Qb4) 28... Re8 $17 29. Rxe8+ Qxe8 30. Bb6 Kh8 31. Kf1 Qf7 32. Re1 h6 33. g3 Qh5 34. Kg2 {[#]} f4 $1 {[%mdl 512]} 35. Qa4 (35. gxf4 Rd6) 35... fxg3 36. hxg3 Qg6 37. Qf4 Kh7 38. Qd2 Ne7 39. Re5 Nf5 40. Qf4 Rf7 41. Bf2 (41. Qg4 $11 {keeps the balance.}) 41... Nd6 (41... Qf6 $1 $17 {And now ...g5 would win.} 42. Rxd5 Nh4+ 43. Kf1 Qxf4 44. gxf4 Rxf4) 42. Qd4 $11 Nf5 ({Black should play} 42... Nb5 $11 43. Qd2 Nc7) 43. Qf4 $17 Rf6 (43... Qf6 $1 $17 44. Rxd5 Nh4+ $1 {[%mdl 512]} 45. Kf1 Qxf4 46. gxf4 Rxf4) 44. Qg4 $1 $11 {[%cal Rg4g6]} Qf7 45. f4 Nd6 $1 46. Qd1 (46. Qe2 $15) 46... Rf5 $1 $36 {[%mdl 2048] White is under strong pressure.} 47. Qd3 Ne4 48. Bd4 Qg6 $2 (48... Rxe5 $1 $19 49. Bxe5 Qg6) 49. Rxf5 $2 (49. Re7 $11 Rf7 50. Rxf7 Qxf7 51. c4) 49... Qxf5 50. Be5 Qg6 51. Qf3 {[#]} (51. Qe3 $17 {is a better defense.}) 51... h5 $1 $19 52. Kh3 Qf5+ 53. Kh2 {[#]} Qg4 $1 {[%cal Rg4f3]} 54. Qd3 {intending c4.} Kh6 55. Qe3 (55. c4 $17) 55... Qd1 56. f5+ Kh7 {Hoping for ...Nd2.} 57. Bf4 Qf1 {...Nf6 is the strong threat.} 58. Qb6 $2 (58. Qg1 $19 Qd3 59. Qe1) 58... Nf6 {[%cal Rf6g4]} 59. Qg1 Ng4+ {Accuracy: White = 34%, Black = 52%.} 0-1

[Event "10th LCC FIDE Open 2018"]
[Site "London"]
[Date "2018.12.14"]
[Round "6"]
[White "Ditmas, Hugh"]
[Black "Britton, Richard L"]
[Result "0-1"]
[WhiteElo "1978"]
[BlackElo "2186"]
[Annotator "TA"]
[PlyCount "140"]
[EventDate "2018.12.09"]
[EventType "swiss"]
[EventCountry "ENG"]
[SourceTitle "playchess.com"]
[Source "ChessBase"]
[SourceQuality "1"]

{[%evp 24,140,46,46,42,31,49,31,41,41,40,43,62,43,53,0,2,0,-6,-5,8,-15,-15,-20,-4,-5,-9,-22,0,-25,0,0,0,0,0,0,0,0,0,0,0,0,0,0,0,0,1,0,25,25,31,12,7,0,0,0,0,0,12,0,0,0,0,0,12,12,12,12,12,12,12,12,12,0,18,0,126,126,126,126,127,126,126,126,126,126,134,119,91,0,0,0,0,-8,-8,-681,-683,-569,-365,-553,-522,-29981,-29982,-29982,-29983,-29983,-29984,-29984,-29985,-29985,-29986,-29989,-29990,-29990,-29991,-29991,-29991,-29991,-29992]} 1. d4 Nf6 2. c4 g6 3. Nc3 Bg7 4. e4 d6 5. Be2 O-O 6. Nf3 {[%cal Bg1f3,Bf3e1,Be1d3][%mdl 32]} e5 7. O-O Nc6 8. d5 Ne7 9. Ne1 Ne8 10. f3 f5 11. g4 Kh8 12. Nd3 Ng8 {E98: King's Indian: Classical Main Line: 9 Ne1} 13. Kh1 {LiveBook: 4 Games} f4 14. Rg1 Bf6 {White is slightly better.} (14... h6 15. c5 Rf7 16. a4 Bf8 17. a5 h5 18. g5 h4 19. a6 Ng7 20. Bf1 {1-0 (32) Belov,V (2579)-Savchenko,B (2648) St Petersburg 2008}) 15. Bd2 $146 ({Predecessor:} 15. b4 h5 16. gxh5 g5 17. Nf2 Rf7 18. Bf1 {0-1 (36) Demianjuk,A (2313)-Loskutov,O (2439) Moscow 2012}) 15... Bh4 16. Be1 Bxe1 17. Qxe1 g5 18. c5 Rf7 19. Qf2 (19. h4 $14) 19... h5 $11 20. h3 Rh7 {Threatening ...hxg4.} 21. Kg2 {[%cal Bh1g2,Bg2f1,Bf1e1,Be1d2,Bd2c2,Bc2b1][%mdl 32]} Ne7 22. cxd6 cxd6 23. Kf1 Ng6 24. Ke1 Bd7 25. Kd2 Nf6 26. Rac1 hxg4 27. hxg4 Kg7 28. Kc2 Qh8 29. Kb1 Rh2 30. Rg2 Rh3 31. a4 Qd8 32. Rh2 Rxh2 33. Qxh2 Qb6 34. Qf2 Qxf2 35. Nxf2 a6 36. Ncd1 Ne8 37. a5 Nh4 38. b4 Rb8 39. Ka2 Kf7 40. Ka3 Ra8 (40... b6 {keeps more tension.} 41. axb6 Rxb6 42. Nb2 Bb5 43. Nc4 Rb7) 41. Rc3 Rc8 42. Rxc8 Bxc8 43. Nd3 Bd7 44. Ne1 Nc7 45. Nc3 Ke7 46. Kb3 Kd8 47. Bf1 Ke7 48. Be2 Kf6 49. Bf1 Nxf3 (49... Ke7 $11) 50. Nxf3 $16 Bxg4 51. Nh2 $1 {[%cal Rh2g4]} Bd7 52. Be2 Kg6 53. Kc2 Ne8 {[#]} 54. Nd1 $1 Nc7 55. Nf2 Nb5 56. Bxb5 (56. Bd1 $16) 56... Bxb5 $11 57. Kd2 Kh5 {White should prevent ...Bd7.} 58. Ke1 Bd7 {Hoping for ...g4.} 59. Nh1 $2 {[%mdl 8192]} (59. Nf3 $11) 59... g4 $19 60. Kf2 {If White can now play Nf1 this consolidates a bit.} Kh4 61. Nf1 (61. Kg1 $142 Bb5 62. Nf2) 61... Bb5 62. Kg2 {intending Nhg3!} Bxf1+ {[%mdl 64] Overworked Piece. Black mates.} 63. Kxf1 {[%mdl 4096] Endgame [#] KN-KP} g3 $1 64. Kg2 Kg4 65. Kf1 f3 66. Kg1 Kf4 67. b5 axb5 68. a6 bxa6 69. Kf1 g2+ {[%mdl 64] Double Attack} 70. Kf2 gxh1=B {Accuracy: White = 51%, Black = 69%.} 0-1

[Event "10th LCC FIDE Open 2018"]
[Site "London"]
[Date "2018.12.14"]
[Round "6"]
[White "Rice, Chris B"]
[Black "Brozel, Sacha"]
[Result "1-0"]
[WhiteElo "1963"]
[BlackElo "2182"]
[Annotator "TA"]
[PlyCount "81"]
[EventDate "2018.12.09"]
[EventType "swiss"]
[EventCountry "ENG"]
[SourceTitle "playchess.com"]
[Source "ChessBase"]
[SourceQuality "1"]

{[%evp 23,81,0,10,-34,-35,-35,-33,-48,-55,-97,-83,-111,-112,-139,-28,-26,-14,-31,-19,-18,0,-5,0,-11,-15,-48,-41,-54,-6,-12,0,0,0,0,0,0,0,0,0,0,0,0,0,-8,0,0,27,34,375,353,573,573,573,570,562,562,548,530,493,388]} 1. c4 c5 2. g3 g6 3. Bg2 Bg7 4. Nc3 Nc6 5. a3 d6 6. Rb1 a5 7. Nf3 e5 8. O-O Nge7 9. d3 O-O 10. Bg5 f6 11. Be3 {A37: Symmetrical English vs ...g6: 4 Bg2 Bg7 5 Nf3} (11. Bd2 Be6 12. Ne1 d5 13. cxd5 Nxd5 14. Qb3 Nc7 15. Qb6 Nd4 16. Nf3 Ra6 17. Qxb7 Nxe2+ 18. Kh1 Nxc3 19. bxc3 Bd5 20. Qb2 {0-1 (59) Svidler,P (2745)-Giri,A (2755) Moscow 2016}) 11... Be6 12. Ne1 f5 {[%cal Bf6f5,Bf5f4][%mdl 32] LiveBook: 5 Games} 13. Nc2 {The position is equal.} f4 14. Bd2 d5 15. cxd5 Nxd5 16. Nxd5 $146 ({Predecessor:} 16. Ne4 Qe7 17. Ne1 h6 18. Rc1 b6 {0-1 (35) Schulz,K-Teipelke,H Germany 1986}) 16... Bxd5 17. Bxd5+ Qxd5 18. b4 axb4 (18... cxb4 $17 19. axb4 a4) 19. axb4 $11 b6 20. bxc5 bxc5 21. Bc3 h5 22. Rb5 Rab8 (22... Rfb8 {is more complex.} 23. Rxb8+ Rxb8 24. Qd2 Bh6 25. Ra1 Kh7) 23. Rxb8 Rxb8 24. gxf4 exf4 25. Bxg7 {[#] Threatens to win with Bh6.} Kxg7 (25... Qg5+ {is interesting.} 26. Kh1 Kxg7 27. Qa1+ Kh6 28. Re1 Qd8) 26. Qa1+ $1 Qe5 27. Qxe5+ Nxe5 {[%mdl 4096] Endgame KRN-KRN} 28. d4 Rb2 29. Rc1 cxd4 30. Nxd4 Kf6 31. Rd1 g5 32. h3 Ra2 33. Kg2 h4 34. Rb1 Rd2 35. Rb6+ Ke7 $2 {[%mdl 8192]} (35... Kf7 $14 36. Ne6 Rxe2) 36. Re6+ $18 {[%mdl 64] [#] Double Attack} Kf7 $2 (36... Kd7) 37. Rxe5 {White is clearly winning.} Rxd4 38. Rxg5 Kf6 39. Rg4 Kf5 40. Kf3 Rb4 {If Black can now play ...Rb3+ this consolidates a bit.} 41. e3 {Accuracy: White = 63%, Black = 18%.} 1-0

[Event "10th LCC FIDE Open 2018"]
[Site "London"]
[Date "2018.12.14"]
[Round "6"]
[White "Edwards, Simon R"]
[Black "Milliet, Sophie"]
[Result "0-1"]
[WhiteElo "1931"]
[BlackElo "2376"]
[Annotator "TA"]
[PlyCount "72"]
[EventDate "2018.12.09"]
[EventType "swiss"]
[EventCountry "ENG"]
[SourceTitle "playchess.com"]
[Source "ChessBase"]
[SourceQuality "1"]

{[%evp 20,72,0,-27,-18,-4,11,-76,-72,-63,-72,-90,-69,-186,-155,-250,-147,-133,-130,-144,-147,-177,-177,-183,-107,-260,-268,-422,-436,-410,-430,-697,-680,-663,-671,-712,-723,-723,-678,-717,0,-578,0,-691,-713,-1135,-650,-807,-617,-1131,-1125,-29986,-1923,-29987,-29988]} 1. e4 c5 2. Nf3 e6 3. d4 cxd4 4. Nxd4 Nc6 5. Nc3 Qc7 6. Be3 a6 7. Qd2 Nf6 8. O-O-O Be7 {B48: Sicilian: Taimanov: 5 Nc3 Qc7 6 Be3 a6 without Be2} 9. f3 b5 (9... h5 10. Nxc6 bxc6 11. Bf4 e5 12. Bg5 a5 13. Bc4 a4 14. a3 Qb7 15. Qd3 d6 16. Bxf6 gxf6 {½-½ (68) Quesada Perez,Y (2622)-Cori Tello,J (2664) Saint Louis 2018}) 10. Nb3 Ne5 11. Qf2 {LiveBook: 4 Games} Rb8 12. g4 h6 13. Qg3 $146 (13. Kb1 $11) ({Predecessor:} 13. h4 Nc4 14. Be2 Nxb2 15. Kxb2 Ba3+ 16. Kxa3 Qxc3 17. Bc5 b4+ 18. Ka4 Qxc2 19. Rd2 Qc3 20. Rc1 Nxe4 21. fxe4 Qe5 22. Bd6 Qxe4 23. Qf3 {1-0 (26) Sebag,M (2227)-Flear,C (2230) Vichy 2000}) 13... d6 14. Kb1 b4 15. Ne2 Nc4 16. Bc5 (16. Bf2 $15) 16... e5 17. Nec1 (17. Bg1 $17) 17... Be6 (17... Nxb2 $19 18. Kxb2 dxc5) 18. Bxc4 $17 Bxc4 19. Be3 a5 20. h4 a4 21. Na1 a3 (21... O-O $19 22. b3 Be6) 22. bxa3 $2 (22. b3 $17 Be6 23. Nd3) 22... bxa3+ $19 23. Ncb3 (23. Nab3 $142) 23... Be2 24. Bc1 Qc3 25. Bxa3 {[#]} (25. Rdg1 $142) 25... Nxe4 $1 {[%mdl 576] Pin} 26. Qe1 (26. fxe4 Qxg3) 26... Qxf3 27. Rc1 Nc3+ 28. Kb2 Na4+ 29. Kb1 Nc3+ 30. Kb2 Na4+ 31. Kb1 O-O 32. g5 h5 33. Rh2 Bc4 34. Qa5 Ra8 35. Qc7 Nc3+ 36. Kb2 {[#]} Rxa3 $1 {[%mdl 512] Accuracy: White = 21%, Black = 69%.} 0-1

[Event "10th LCC FIDE Open 2018"]
[Site "London"]
[Date "2018.12.14"]
[Round "6"]
[White "Balaji, Aaravamudhan"]
[Black "Russell, Christopher"]
[Result "1/2-1/2"]
[WhiteElo "1914"]
[BlackElo "2169"]
[Annotator "TA"]
[PlyCount "53"]
[EventDate "2018.12.09"]
[EventType "swiss"]
[EventCountry "ENG"]
[SourceTitle "playchess.com"]
[Source "ChessBase"]
[SourceQuality "1"]

{[%evp 14,53,17,-5,5,4,8,5,19,17,23,10,0,-10,33,-22,-14,-37,-44,-71,-45,-43,-35,-40,-17,-17,-19,-19,-17,-27,-19,-15,-14,-19,-6,-14,-1,0,-2,-10,0,0]} 1. d4 e6 2. c4 Nf6 3. Nf3 d5 4. Nc3 Be7 5. Bg5 h6 6. Bxf6 Bxf6 7. e3 O-O 8. Be2 {LiveBook: 8 Games} a6 {D55: Queen's Gambit Declined: 4 Bg5 Be7: Lines without ...h6 and 6...h6 7 Bxf6} (8... dxc4 9. O-O Nd7 10. Bxc4 c5 11. Ne4 cxd4 12. Nxf6+ Nxf6 13. Qxd4 Qxd4 14. exd4 Bd7 15. Rac1 {½-½ (15) Paunovic,D (2500)-Franco Alonso,A (2485) Elgoibar 2013}) 9. O-O dxc4 $146 ({Predecessor:} 9... Nd7 10. cxd5 Nb6 11. dxe6 Bxe6 12. b3 Qe7 13. Qc2 Rac8 14. Rad1 c5 15. d5 Bg4 16. d6 {0-1 (27) Pintilii,E-Dogaru,L Eforie Nord 1999}) 10. Bxc4 b5 11. Bd3 Bb7 12. Rc1 Nd7 13. Bb1 Rc8 14. b3 ({Better is} 14. b4 $14) 14... Be7 $11 15. Qe2 (15. Be4 {is more complex.} c6 16. Ne5 f5 17. Nxd7 Qxd7 18. Bf3) 15... Nf6 16. Nd2 c5 17. dxc5 $1 Bxc5 18. Nce4 Be7 19. Nxf6+ Bxf6 20. Be4 Qb6 21. h3 Be7 22. Bxb7 {The position is equal.} Qxb7 23. Nf3 Qe4 24. Qb2 Rfd8 25. Rxc8 Rxc8 26. Rc1 Rd8 27. Qc2 {Accuracy: White = 40%, Black = 39%.} 1/2-1/2

[Event "10th LCC FIDE Open 2018"]
[Site "London"]
[Date "2018.12.14"]
[Round "6"]
[White "Baumann, Tobias Opdalshei"]
[Black "Signorelli, Gaetano"]
[Result "0-1"]
[WhiteElo "1446"]
[BlackElo "2222"]
[Annotator "TA"]
[PlyCount "42"]
[EventDate "2018.12.09"]
[EventType "swiss"]
[EventCountry "ENG"]
[SourceTitle "playchess.com"]
[Source "ChessBase"]
[SourceQuality "1"]

{[%evp 11,42,47,49,-33,-33,-91,-108,-366,-339,-454,-279,-269,-288,-280,-295,-277,-276,-383,-409,-404,-415,-668,-668,-596,-377,-389,-380,-895,-895,-841,-837,-814,-796]} 1. e4 d5 2. exd5 Nf6 3. c4 e6 4. dxe6 Bxe6 5. Nf3 Qe7 6. Qe2 {B01: Scandinavian Defence} Nc6 {LiveBook: 25 Games} 7. Nc3 ({White should try} 7. d4 $14) (7. d4 Bg4 8. Be3 O-O-O 9. d5 Ne4 10. Nc3 Nxc3 11. bxc3 Ne5 12. Qc2 Bxf3 13. gxf3 Nxf3+ 14. Ke2 Ne5 15. Bh3+ {½-½ (38) Nguyen,N (2579)-Tomczak,J (2451) Gaziantep 2008}) 7... O-O-O $15 8. d3 {[#]} ({White should play} 8. a3 $1 $15) 8... Nb4 $1 $17 {[%cal Rb4d3]} 9. Ne5 $146 {[%mdl 8192]} (9. d4 $17 Bf5 10. Qxe7 Nc2+ 11. Kd2 Bxe7 12. Bd3 Bxd3 13. Kxd3 Nxa1 14. Be3) ({Predecessor:} 9. d4 Bf5 10. Qxe7 Bxe7 11. Ne5 Nc2+ 12. Kd2 Rxd4+ 13. Bd3 Bxd3 14. Nxd3 Nxa1 {0-1 (21) Hurtado Ciffuentes,E-Alvarez,V Yumbo 2009}) 9... Bf5 $19 10. Kd2 Bxd3 11. Nxd3 Rxd3+ 12. Qxd3 Nxd3 13. Bxd3 Qc5 14. Ke2 Qh5+ 15. Kf1 Bc5 {White must now prevent ...Rd8.} 16. Bf4 (16. h4 $142 Rd8 17. Rh3) 16... Rd8 17. Rd1 Bd4 {Hoping for ...Bxc3.} 18. Be2 Qf5 19. Bg3 $2 (19. g3) 19... Bxc3 {Black is clearly winning.} 20. bxc3 Rxd1+ {[%mdl 64] [#] Overworked Piece} 21. Bxd1 Qd3+ {[%mdl 64] Double Attack} 0-1